| 000 | 00625nam a22002417a 4500 | ||
|---|---|---|---|
| 999 |
_c18 _d18 |
||
| 001 | 18 | ||
| 003 | BD-JhCC | ||
| 005 | 20170924125100.0 | ||
| 008 | 170924s19602007bg |||| |||| 000 0 mul d | ||
| 020 | _a9844104750 | ||
| 035 | _a(BD-JhCC) | ||
| 040 |
_aBD-JhCC _cBD-JhCC |
||
| 041 | _aeng and ban | ||
| 082 |
_222 _a781.629144 _bSHA |
||
| 100 | _aShaidullah, Dr. Muhammad | ||
| 245 |
_aByddgust mystic songs / _cDr. Muhammad Shahidullah |
||
| 260 |
_aMowla Brothers , _bDhaka : _c2007. |
||
| 300 |
_a126 p. : _c21 cm. |
||
| 504 | _aIncludes Bibliography | ||
| 650 | _aMusic | ||
| 942 |
_2ddc _cBK |
||